000 00643nam a2200229Ia 4500
003 OSt
005 20220926044604.0
006 a|||||r|||| 00| 0
007 ta
008 220923b |||||||| |||| 00| 0 eng d
037 _cGeneral Book
040 _aRTL
_cRTL
_beng
041 _2eng
_aeng
082 _aU8.2.K14<--K12, G4
100 _aFoster William Ed.
_918751
245 0 _aVoyage of thomas best to the east Indies 1612-14
260 _c1934
490 _aWakluyt society works second series ,75
650 _aTravel
942 _hU8.2.K14<--K12, G4
_cGB
_2CC
999 _c675272
_d675272